000 01088nam a2200349 a 4500
003 BLK
005 20250701100226.0
008 190214b bu ||||| |||| 00| 0 bu d
020 _a9786197429039
040 _aBLK
041 _aBUL
_cBUL
080 _aБългарска литература
_b821.163.2
_x-93-312.9
_z821.163.2-93-312.9
100 _aЦанев, Явор Богомилов
_d1971-
_9381955
139 _aЦанев, Явор Богомилов
_bЦ 16
245 _aЗлостории
257 _aBGR
260 _9389796
_aСофия
_bUpper earth books
_c2018
_fСофия : Симолини-94
300 _a136 с.
_bс ил.
_c21 см
380 _aDX
653 _9194506
_aпризраци
653 _9194508
_aприказни повести
653 _9199837
_aХелоуин
700 _91637
_aДрумева, Нели
_eхудож.
852 _aЦб 294353
942 _cKNG
_n0
_046
944 _k30570
_lМоника Янева
999 _c329091
_d329091
999 _d329091
999 _d329091
999 _d329091
999 _d329091
999 _d329091